Introductory plant biology. / (Record no. 1704)
[ view plain ]
| 000 -LEADER | |
|---|---|
| fixed length control field | 02138cam a22003374a 4500 |
| 001 - CONTROL NUMBER | |
| control field | 13847182 |
| 003 - CONTROL NUMBER IDENTIFIER | |
| control field | OSt |
| 005 - DATE AND TIME OF LATEST TRANSACTION | |
| control field | 20210414114045.0 |
| 008 - FIXED-LENGTH DATA ELEMENTS--GENERAL INFORMATION | |
| fixed length control field | 050121s2006 mauab b 001 0 eng |
| 010 ## - LIBRARY OF CONGRESS CONTROL NUMBER | |
| LC control number | 2005001785 |
| 020 ## - INTERNATIONAL STANDARD BOOK NUMBER | |
| International Standard Book Number | 0072528400 (hard copy : alk. paper) |
| 040 ## - CATALOGING SOURCE | |
| Original cataloging agency | DLC |
| Transcribing agency | DLC |
| Modifying agency | DLC |
| 042 ## - AUTHENTICATION CODE | |
| Authentication code | pcc |
| 050 00 - LIBRARY OF CONGRESS CALL NUMBER | |
| Classification number | QK47.S836 |
| Item number | |
| 082 00 - DEWEY DECIMAL CLASSIFICATION NUMBER | |
| Classification number | 580 |
| Edition number | 22 |
| 100 1# - MAIN ENTRY--PERSONAL NAME | |
| Personal name | Stern, Kingsley Rowland. |
| 245 10 - TITLE STATEMENT | |
| Title | Introductory plant biology. / |
| Statement of responsibility, etc. | Kingsley R. Stern ; with contributions by James E. Bidlack, Shelley H. Jansky, Gordon E. Uno. |
| 250 ## - EDITION STATEMENT | |
| Edition statement | 10th ed. |
| 260 ## - PUBLICATION, DISTRIBUTION, ETC. | |
| Place of publication, distribution, etc. | Boston : |
| Name of publisher, distributor, etc. | McGraw-Hill Higher Education, |
| Date of publication, distribution, etc. | c2006. |
| 300 ## - PHYSICAL DESCRIPTION | |
| Extent | xvi, 624 p. : |
| Other physical details | ill. (chiefly col.), maps (some col.) ; |
| Dimensions | 29 cm. |
| 504 ## - BIBLIOGRAPHY, ETC. NOTE | |
| Bibliography, etc. note | Includes bibliographical references and index. |
| 505 ## - FORMATTED CONTENTS NOTE | |
| Formatted contents note | Contents: What is plant biology? -- The Nature of life -- Cells -- Tissues -- Roots and soils -- Stems -- Leaves -- Flowers, fruits and seeds -- Water in plants -- Plant metabolism -- Growth -- Meiosis and alternation of generations -- Genetics -- Plant breeding and propagation -- Evolution -- Plant names and classification -- Domain (kingdom) bacteria, domain (kingdom) archaea and viruses -- Kingdom protista -- Kingdom fungi -- Introduction to the plant kingdom: bryophytes -- The Seedless vascular plants: ferns and their relatives -- Introduction to seed plants: gymnosperms -- Seed plants: angiosperms -- Flowering plants and civilization -- Ecology -- Biomes -- Appendix 1: Scientific names of organisms mentioned in the text -- 2: Biological controls -- 3: Useful and poisonous plants, fungi and algae -- 4: House plants and home gardening -- 5: Metric equivalents and conversion tables -- Glossary. |
| 650 #0 - SUBJECT ADDED ENTRY--TOPICAL TERM | |
| Topical term or geographic name entry element | Botany. |
| 700 1# - ADDED ENTRY--PERSONAL NAME | |
| Personal name | Bidlack, James E. |
| 700 1# - ADDED ENTRY--PERSONAL NAME | |
| Personal name | Jansky, Shelley. |
| 700 1# - ADDED ENTRY--PERSONAL NAME | |
| Personal name | Uno, Gordon. |
| 856 41 - ELECTRONIC LOCATION AND ACCESS | |
| Materials specified | Table of contents |
| Uniform Resource Identifier | <a href="http://www.loc.gov/catdir/toc/ecip057/2005001785.html">http://www.loc.gov/catdir/toc/ecip057/2005001785.html</a> |
| 906 ## - LOCAL DATA ELEMENT F, LDF (RLIN) | |
| a | 7 |
| b | cbc |
| c | orignew |
| d | 1 |
| e | ecip |
| f | 20 |
| g | y-gencatlg |
| 942 ## - ADDED ENTRY ELEMENTS (KOHA) | |
| Source of classification or shelving scheme | Library of Congress Classification |
| Koha item type | Books |
| Withdrawn status | Lost status | Source of classification or shelving scheme | Damaged status | Not for loan | Home library | Current library | Shelving location | Date acquired | Total Checkouts | Full call number | Barcode | Date last seen | Copy number | Price effective from | Koha item type |
|---|---|---|---|---|---|---|---|---|---|---|---|---|---|---|---|
| Library of Congress Classification | WISCONSIN INTERNATIONAL UNIVERSITY COLLEGE, GHANA - MAIN LIBRARY | WISCONSIN INTERNATIONAL UNIVERSITY COLLEGE, GHANA - MAIN LIBRARY | General Stacks | 17/07/2012 | QK47.S836 | 5505/12 | 17/07/2012 | 1 | 17/07/2012 | Books | |||||
| Library of Congress Classification | WISCONSIN INTERNATIONAL UNIVERSITY COLLEGE, GHANA - MAIN LIBRARY | WISCONSIN INTERNATIONAL UNIVERSITY COLLEGE, GHANA - MAIN LIBRARY | General Stacks | 17/07/2012 | QK47.S8361 | 5506/12 | 17/07/2012 | 2 | 17/07/2012 | Books |
